<?xml version="1.0" encoding="UTF-8"?>
<record
    xmlns:xsi="http://www.w3.org/2001/XMLSchema-instance"
    xsi:schemaLocation="http://www.loc.gov/MARC21/slim http://www.loc.gov/standards/marcxml/schema/MARC21slim.xsd"
    xmlns="http://www.loc.gov/MARC21/slim">

  <leader>02522nam a2200373 a 4500</leader>
  <controlfield tag="001">0000213</controlfield>
  <controlfield tag="003">DO-SdBNP</controlfield>
  <controlfield tag="005">20180312110504.0</controlfield>
  <controlfield tag="007">0000213</controlfield>
  <controlfield tag="008">150130s2014    dr ac         000 0 spa d</controlfield>
  <datafield tag="020" ind1=" " ind2=" ">
    <subfield code="a">9789945118865 (v. 1)</subfield>
  </datafield>
  <datafield tag="020" ind1=" " ind2=" ">
    <subfield code="a">9789945118896 (v. 2)</subfield>
  </datafield>
  <datafield tag="020" ind1=" " ind2=" ">
    <subfield code="a">9789945118834 (v. 3)</subfield>
  </datafield>
  <datafield tag="040" ind1=" " ind2=" ">
    <subfield code="a">BPMSU</subfield>
    <subfield code="b">spa</subfield>
    <subfield code="c">BPMSU</subfield>
  </datafield>
  <datafield tag="092" ind1=" " ind2=" ">
    <subfield code="a">372.7    </subfield>
    <subfield code="b">S237m, 3ro   2014</subfield>
  </datafield>
  <datafield tag="100" ind1="1" ind2=" ">
    <subfield code="a">Santos, Altagracia</subfield>
  </datafield>
  <datafield tag="245" ind1="1" ind2="0">
    <subfield code="a">Matem&#xE1;ticas 3 :</subfield>
    <subfield code="b">educaci&#xF3;n primaria /</subfield>
    <subfield code="c">Altagracia Santos; edici&#xF3;n Andr&#xE9;s Molina Maloon</subfield>
  </datafield>
  <datafield tag="260" ind1=" " ind2=" ">
    <subfield code="a">Santo Domingo :</subfield>
    <subfield code="b">Santillana,</subfield>
    <subfield code="c">2014.</subfield>
  </datafield>
  <datafield tag="300" ind1=" " ind2=" ">
    <subfield code="a">3 v.</subfield>
    <subfield code="b">il., retrs., </subfield>
    <subfield code="c">28 cm. +</subfield>
    <subfield code="e">CD-ROM ;</subfield>
  </datafield>
  <datafield tag="490" ind1="1" ind2=" ">
    <subfield code="a">Proyecto todos juntos</subfield>
  </datafield>
  <datafield tag="505" ind1=" " ind2=" ">
    <subfield code="g">v. 1 : Libro texto .-</subfield>
    <subfield code="t">Las unidades de millar --</subfield>
    <subfield code="t">Adicci&#xF3;n y sustracci&#xF3;n --</subfield>
    <subfield code="t">Multiplicaci&#xF3;n --</subfield>
    <subfield code="t">Divisi&#xF3;n --</subfield>
    <subfield code="g">Proyecto 1: Cuentos matem&#xE1;ticas --</subfield>
    <subfield code="t">Decenas de millar --</subfield>
    <subfield code="t">Fracciones --</subfield>
    <subfield code="t">Unidades de longitud --</subfield>
    <subfield code="t">&#xC1;rea --</subfield>
    <subfield code="g">Proyecto 2: Construcci&#xF3;n de un geoplano --</subfield>
    <subfield code="t">&#xC1;ngulos --</subfield>
    <subfield code="t">Figuras y cuerpos geom&#xE9;tricos --</subfield>
    <subfield code="t">Medidas --</subfield>
    <subfield code="t">Recolecci&#xF3;n y an&#xE1;lisis de datos --</subfield>
    <subfield code="g">Proyecto 3: Matem&#xE1;ticas en la prensa --</subfield>
  </datafield>
  <datafield tag="505" ind1=" " ind2=" ">
    <subfield code="g">v. 2 : Gu&#xED;a. -</subfield>
    <subfield code="g">Gu&#xED;a did&#xE1;ctica: recursos did&#xE1;cticos para el profesorado --</subfield>
    <subfield code="t">Un proyecto bien fundamentado --</subfield>
    <subfield code="t">Las claves del preyecto --</subfield>
    <subfield code="t">El proyecto todos juntos en el nuevo sistema curricular --</subfield>
    <subfield code="t">Los instrumentos del nuevo sistema curricular --</subfield>
    <subfield code="t">Competencias e indicadores de logro para las matem&#xE1;ticas en el primer ciclo del nivel primario --</subfield>
    <subfield code="t">Secuencia de contenidos del primer ciclo del nivel primario --</subfield>
    <subfield code="t">Materiales para el estudiante --</subfield>
    <subfield code="t">Materiales para el docente --</subfield>
    <subfield code="t">El texto escolar --</subfield>
    <subfield code="t">Los proyectos --</subfield>
    <subfield code="t">El cuaderno de actividades --</subfield>
    <subfield code="t">El libromedia --</subfield>
    <subfield code="t">La gu&#xED;a did&#xE1;ctica --</subfield>
    <subfield code="t">Mapa de contenidos --</subfield>
  </datafield>
  <datafield tag="505" ind1=" " ind2=" ">
    <subfield code="g">v. 3 :  Cuaderno.-</subfield>
    <subfield code="g">Cuaderno: fichas de actividades --</subfield>
    <subfield code="t">Las unidades de millar --</subfield>
    <subfield code="t">Adici&#xF3;n y sustracci&#xF3;n --</subfield>
    <subfield code="t">Multiplicaci&#xF3;n --</subfield>
    <subfield code="t">Divisi&#xF3;n --</subfield>
    <subfield code="t">Decenas de millar --</subfield>
    <subfield code="t">Fracciones --</subfield>
    <subfield code="t">Unidades de longitud --</subfield>
    <subfield code="t">&#xC1;rea --</subfield>
    <subfield code="t">&#xC1;ngulos --</subfield>
    <subfield code="t">Figuras y cuerpos geom&#xE9;tricos --</subfield>
    <subfield code="t">Medidas --</subfield>
    <subfield code="t">Recolecci&#xF3;n y an&#xE1;lisis de datos --</subfield>
  </datafield>
  <datafield tag="650" ind1=" " ind2=" ">
    <subfield code="a">MATEM&#xC1;TICAS</subfield>
    <subfield code="x">ENSE&#xD1;ANZA B&#xC1;SICA</subfield>
  </datafield>
  <datafield tag="650" ind1=" " ind2="4">
    <subfield code="a">EDUCACI&#xD3;N PRMARIA</subfield>
    <subfield code="z">REP&#xDA;BLICA DOMINICANA</subfield>
  </datafield>
  <datafield tag="650" ind1=" " ind2="4">
    <subfield code="a">MATEM&#xC1;TICAS</subfield>
    <subfield code="x">ENSE&#xD1;ANZA ELEMENTAL</subfield>
  </datafield>
  <datafield tag="650" ind1=" " ind2="4">
    <subfield code="a">MATEM&#xC1;TICAS</subfield>
    <subfield code="x">ESTUDIOS Y EJERCICIOS</subfield>
  </datafield>
  <datafield tag="650" ind1=" " ind2="4">
    <subfield code="a">MATEM&#xC1;TICAS</subfield>
    <subfield code="x">LIBROS DE TEXTOS</subfield>
  </datafield>
  <datafield tag="700" ind1="1" ind2="2">
    <subfield code="a">Molina Maloon, Andr&#xE9;s,</subfield>
    <subfield code="e">ed.</subfield>
  </datafield>
  <datafield tag="830" ind1=" " ind2="0">
    <subfield code="a">Proyecto todos juntos</subfield>
  </datafield>
  <datafield tag="942" ind1=" " ind2=" ">
    <subfield code="2">ddc</subfield>
    <subfield code="c">BK</subfield>
  </datafield>
  <datafield tag="945" ind1=" " ind2=" ">
    <subfield code="a">Remanejado para BNPHU / 2018 BT</subfield>
  </datafield>
  <datafield tag="952" ind1=" " ind2=" ">
    <subfield code="0">0</subfield>
    <subfield code="1">0</subfield>
    <subfield code="2">ddc</subfield>
    <subfield code="4">0</subfield>
    <subfield code="7">0</subfield>
    <subfield code="a">BPMET</subfield>
    <subfield code="b">BPMET</subfield>
    <subfield code="d">2016-03-31</subfield>
    <subfield code="e">Donaci&#xF3;n</subfield>
    <subfield code="l">0</subfield>
    <subfield code="o">372.7 S237m 3ro. 2014</subfield>
    <subfield code="p">BPMSU16030344</subfield>
    <subfield code="r">2016-03-30</subfield>
    <subfield code="t">v. 1</subfield>
    <subfield code="w">2016-03-30</subfield>
    <subfield code="y">BK</subfield>
  </datafield>
  <datafield tag="952" ind1=" " ind2=" ">
    <subfield code="0">0</subfield>
    <subfield code="1">0</subfield>
    <subfield code="2">ddc</subfield>
    <subfield code="4">0</subfield>
    <subfield code="7">0</subfield>
    <subfield code="a">BPMET</subfield>
    <subfield code="b">BPMET</subfield>
    <subfield code="d">2016-03-31</subfield>
    <subfield code="e">Donaci&#xF3;n</subfield>
    <subfield code="l">0</subfield>
    <subfield code="o">372.7 S237m 3ro.  2014</subfield>
    <subfield code="p">BPMSU16030391</subfield>
    <subfield code="r">2016-03-30</subfield>
    <subfield code="t">v. 1, ej. 2</subfield>
    <subfield code="w">2016-03-30</subfield>
    <subfield code="y">BK</subfield>
  </datafield>
  <datafield tag="952" ind1=" " ind2=" ">
    <subfield code="0">0</subfield>
    <subfield code="1">0</subfield>
    <subfield code="2">ddc</subfield>
    <subfield code="4">0</subfield>
    <subfield code="7">0</subfield>
    <subfield code="a">BPMET</subfield>
    <subfield code="b">BPMET</subfield>
    <subfield code="d">2016-03-31</subfield>
    <subfield code="e">Donaci&#xF3;n</subfield>
    <subfield code="l">0</subfield>
    <subfield code="o">372.7  S237m  3ro.  2014  Gu&#xED;a</subfield>
    <subfield code="p">BPMSU16030346</subfield>
    <subfield code="r">2016-03-30</subfield>
    <subfield code="t">v. 2</subfield>
    <subfield code="w">2016-03-30</subfield>
    <subfield code="y">BK</subfield>
  </datafield>
  <datafield tag="956" ind1=" " ind2=" ">
    <subfield code="a">YLOCKWARD</subfield>
    <subfield code="b">10</subfield>
    <subfield code="c">20150702</subfield>
    <subfield code="l">BND01</subfield>
    <subfield code="h">1429</subfield>
  </datafield>
  <datafield tag="999" ind1=" " ind2=" ">
    <subfield code="c">9453</subfield>
    <subfield code="d">9453</subfield>
  </datafield>
</record>
